Países más poblados - Porrazos - Estadísticas

Estadísticas generales
  • Esta prueba ha sido intentada 8.036 veces
  • La puntuación promedio es 12 de 20
Estadísticas de respuestas
Población País % Correcto
1 430 M China
99%
1 460 M India
98%
350 M Estados Unidos
97%
144 M Rusia
87%
213 M Brasil
81%
132 M México
75%
123 M Japón
73%
285 M Indonesia
65%
254 M Pakistán
60%
236 M Nigeria
59%
175 M Bangladés
56%
84,2 M Alemania
55%
118 M Egipto
42%
112 M R. D. Congo
41%
71,6 M Tailandia
40%
117 M Filipinas
37%
135 M Etiopía
36%
92,2 M Irán
34%
87,6 M Turquía
34%
101 M Vietnam
34%
No se encontraron pruebas coincidentes
Distribución de puntuación
Porcentaje de gente con cada puntuación
Porcentaje por número respondido
Historial de tus puntuaciones
No has intentado esta prueba.